[Event "Aegean op 46th"]
[Site "Aghios Kirykos"]
[Date "2023.07.09"]
[Round "1"]
[White "Pap, Misa"]
[Black "Kollias, Ioannis K"]
[Result "1-0"]
[WhiteElo "2407"]
[BlackElo "1751"]
[PlyCount "71"]
[EventDate "2023.07.09"]
[EventType "swiss"]
[EventRounds "9"]
[EventCountry "GRE"]
[SourceTitle "CBM 215 Extra"]
[Source "ChessBase"]
[SourceDate "2023.09.30"]
[SourceVersion "1"]
[SourceVersionDate "2023.09.30"]
[SourceQuality "1"]

1. e4 e5 2. Nf3 Nc6 3. Bc4 Nf6 4. d4 exd4 5. e5 d5 6. Bb5 Ne4 7. Nxd4 Bd7 8. Bxc6 bxc6 9. 0-0 Bc5 10. f3 Ng5 11. f4 Ne4 12. Be3 0-0 13. Nd2 Nxd2 14. Qxd2 Bb6 15. Nb3 Qe7 16. Qf2 Bxe3 17. Qxe3 Rfb8 18. Rae1 Rb4 19. c3 Re4 20. Qc5 Qxc5+ 21. Nxc5 Rxe1 22. Rxe1 Bf5 23. Na6 Rc8 24. Kf2 Bd3 25. Nc5 Bf5 26. Ke3 Rb8 27. b3 a5 28. Kd4 Kh8 29. Re2 g5 30. fxg5 Rg8 31. h4 h6 32. Rf2 Bg6 33. g4 hxg5 34. h5 Bb1 35. Rxf7 Bxa2 36. e6 1-0

[Event "GRE CupT final 40th"]
[Site "Thessaloniki"]
[Date "2022.08.18"]
[Round "1.4"]
[White "Kollias, Ioannis K"]
[Black "Kanakaris, Georgios"]
[Result "0-1"]
[WhiteElo "1737"]
[BlackElo "2389"]
[PlyCount "72"]
[EventDate "2022.08.18"]
[EventType "team-swiss"]
[EventRounds "3"]
[EventCountry "GRE"]
[SourceTitle "CBM 209 Extra"]
[Source "ChessBase"]
[SourceDate "2022.09.30"]
[SourceVersion "1"]
[SourceVersionDate "2022.09.30"]
[SourceQuality "1"]

1. e4 c5 2. Nf3 d6 3. d4 cxd4 4. Nxd4 Nf6 5. Nc3 a6 6. Bg5 e6 7. f4 h6 8. Bh4 Be7 9. Qf3 Nc6 10. 0-0-0 Nxd4 11. Rxd4 Qb6 12. Rd2 Qa5 13. a3 Bd7 14. e5 Bc6 15. Qg3 g5 16. Qe1 gxh4 17. exf6 Bxf6 18. Ne4 Bxe4 19. Qxe4 Bxb2+ 20. Kd1 d5 21. Qb4 Qxb4 22. axb4 Bc3 23. Rd3 Rc8 24. Rh3 Bxb4 25. Rxh4 Bc3 26. g4 Ke7 27. g5 hxg5 28. Rxh8 Rxh8 29. fxg5 Rh4 30. Ke2 a5 31. Kd3 Be5 32. h3 a4 33. c3 Rc4 34. h4 Rxc3+ 35. Kd2 a3 36. Bd3 a2 0-1

[Event "FIDE World Uni Rapid-F 1st"]
[Site "Tornelo INT"]
[Date "2021.03.21"]
[Round "7"]
[White "Danilova, Rada"]
[Black "Kollias, Ioannis K"]
[Result "1-0"]
[WhiteElo "2048"]
[BlackElo "1721"]
[PlyCount "65"]
[EventDate "2021.03.20"]
[EventType "swiss (rapid)"]
[EventRounds "12"]
[EventCountry "NET"]
[SourceTitle "EXT 2022"]
[Source "ChessBase"]
[SourceDate "2021.10.06"]
[SourceVersion "1"]
[SourceVersionDate "2021.10.06"]
[SourceQuality "1"]

1. d4 Nf6 2. Nf3 d5 3. c4 e6 4. cxd5 exd5 5. Nc3 c6 6. Bg5 Be7 7. Qc2 0-0 8. e3 Nbd7 9. Bd3 h6 10. Bf4 Re8 11. 0-0 Nf8 12. Rab1 Ne6 13. Bg3 Bd7 14. b4 b5 15. Ne5 Rc8 16. a4 a6 17. axb5 axb5 18. Qb3 Nh5 19. Ra1 Nxg3 20. hxg3 Bf6 21. Nxd7 Qxd7 22. Rfc1 Nc7 23. Ne2 Na8 24. Ra6 Qb7 25. Qa2 Nb6 26. Ra7 Qb8 27. Bf5 Rc7 28. Ra6 Qb7 29. Nf4 Na4 30. Ra5 Bd8 31. Qc2 Rd7 32. Bxd7 Qxd7 33. Ra6 1-0

[Event "FIDE World Uni Blitz-C 1st"]
[Site "Tornelo INT"]
[Date "2021.03.13"]
[Round "2.33"]
[White "Pavic, Filip"]
[Black "Kollias, Ioannis K"]
[Result "1-0"]
[WhiteElo "2243"]
[BlackElo "1721"]
[PlyCount "77"]
[EventDate "2021.03.13"]
[EventType "swiss (blitz)"]
[EventRounds "10"]
[EventCountry "NET"]
[SourceTitle "EXT 2022"]
[Source "ChessBase"]
[SourceDate "2021.10.06"]
[SourceVersion "1"]
[SourceVersionDate "2021.10.06"]
[SourceQuality "1"]

1. e4 e5 2. Nf3 Nc6 3. Bb5 a6 4. Ba4 Nf6 5. d3 b5 6. Bb3 Bb7 7. 0-0 h6 8. Nc3 Bc5 9. a4 b4 10. Nd5 0-0 11. a5 d6 12. c3 Rb8 13. Bc4 Nxd5 14. Bxd5 Ne7 15. Bxb7 Rxb7 16. d4 exd4 17. cxd4 Ba7 18. Qd3 Rb5 19. Nd2 f5 20. Re1 Kh8 21. Nf3 fxe4 22. Qxe4 Nd5 23. Nh4 Rf6 24. Bd2 c5 25. Qxd5 cxd4 26. Qe4 d3 27. Be3 Re5 28. Ng6+ Rxg6 29. Qxg6 Bxe3 30. Rxe3 d2 31. Qd3 Qf6 32. Qxd2 d5 33. Rae1 Rf5 34. Re8+ Kh7 35. Qd3 h5 36. h3 Kh6 37. Qe3+ Kg6 38. Re6 Kh7 39. Rxf6 1-0

[Event "GRE-chT Online Rapid op 1st"]
[Site "Tornelo INT"]
[Date "2021.02.21"]
[Round "8.20"]
[White "Anastasopoulos, Angelos"]
[Black "Kollias, Ioannis K"]
[Result "1/2-1/2"]
[WhiteElo "1795"]
[BlackElo "1721"]
[PlyCount "79"]
[EventDate "2021.02.20"]
[EventType "team-swiss (rapid)"]
[EventRounds "9"]
[EventCountry "GRE"]
[SourceTitle "EXT 2023"]
[Source "ChessBase"]
[SourceDate "2022.10.05"]
[SourceVersion "1"]
[SourceVersionDate "2022.10.05"]
[SourceQuality "1"]

1. d4 Nf6 2. c4 c5 3. d5 b5 4. cxb5 a6 5. bxa6 g6 6. Nc3 Bxa6 7. e4 Bxf1 8. Kxf1 d6 9. Nf3 Bg7 10. g3 0-0 11. Kg2 Nbd7 12. a4 Qb6 13. Qe2 Rfb8 14. Bd2 Ne8 15. Rhb1 Nc7 16. b3 Ne5 17. Ne1 Qa6 18. Qxa6 Rxa6 19. f4 Ng4 20. Nc2 Rab6 21. Ra3 Nf6 22. Kf3 e6 23. Ne3 Rb4 24. dxe6 fxe6 25. Nc4 Nxe4 26. Nxe4 Rxc4 27. bxc4 Rxb1 28. Nxd6 Rb2 29. Ne4 Na6 30. h4 Nb4 31. Bc3 Bxc3 32. Rxc3 Na6 33. Rd3 Rb4 34. Rd7 Rxc4 35. Nf6+ Kf8 36. Nxh7+ Ke8 37. Nf6+ Kf8 38. Nh7+ Ke8 39. Nf6+ Kf8 40. Nh7+ 1/2-1/2

[Event "GRE-chT Online Rapid op 1st"]
[Site "Tornelo INT"]
[Date "2021.02.20"]
[Round "1.1"]
[White "Kollias, Ioannis K"]
[Black "Galopoulos, Nikolaos"]
[Result "0-1"]
[WhiteElo "1721"]
[BlackElo "2360"]
[PlyCount "62"]
[EventDate "2021.02.20"]
[EventType "team-swiss (rapid)"]
[EventRounds "9"]
[EventCountry "GRE"]
[SourceTitle "EXT 2023"]
[Source "ChessBase"]
[SourceDate "2022.10.05"]
[SourceVersion "1"]
[SourceVersionDate "2022.10.05"]
[SourceQuality "1"]

1. d4 Nf6 2. Bg5 d5 3. Bxf6 gxf6 4. g3 c5 5. c3 Nc6 6. e3 e5 7. Ne2 Be6 8. Bg2 Qd7 9. c4 cxd4 10. exd4 0-0-0 11. Nbc3 Bb4 12. 0-0 Bxc3 13. Nxc3 Nxd4 14. Nxd5 Kb8 15. Qh5 Qd6 16. Rac1 f5 17. Rfe1 e4 18. Red1 Qe5 19. Nf4 Rd7 20. Re1 Qf6 21. Ne2 Nxe2+ 22. Qxe2 Rhd8 23. Red1 Bxc4 24. Qc2 Rxd1+ 25. Rxd1 Bd3 26. Qc5 Rc8 27. Qb4 a6 28. h4 Rc4 29. Qb3 Qd4 30. Kh2 Ka7 31. Qa3 Qxf2 0-1

[Event "GRE-chT 46th"]
[Site "Rio Achaia"]
[Date "2018.07.15"]
[Round "7.14"]
[White "Tsiros, Fragkiskos Vlasios"]
[Black "Kollias, Ioannis K"]
[Result "1-0"]
[WhiteElo "2181"]
[BlackElo "1546"]
[PlyCount "91"]
[EventDate "2018.07.10"]
[EventType "team"]
[EventRounds "7"]
[EventCountry "GRE"]
[SourceTitle "CBM 185 Extra"]
[Source "ChessBase"]
[SourceDate "2018.07.29"]
[SourceVersion "1"]
[SourceVersionDate "2018.07.29"]
[SourceQuality "1"]
[WhiteTeam "Papagou AS"]
[BlackTeam "Patras Shipping Company"]
[WhiteTeamCountry "GRE"]
[BlackTeamCountry "GRE"]

1. Nf3 Nf6 2. c4 e6 3. g3 d5 4. Bg2 Be7 5. 0-0 0-0 6. d3 c5 7. cxd5 Nxd5 8. a3 Nc6 9. e4 Nc7 10. Bf4 Nb5 11. Nc3 Nbd4 12. e5 Qb6 13. Nxd4 Nxd4 14. Rb1 Bd7 15. Ne4 Bc6 16. Qg4 Rfd8 17. b4 cxb4 18. axb4 Qb5 19. Rfd1 Nf5 20. Nc3 Qb6 21. Be4 Bxe4 22. dxe4 Nd4 23. Be3 Rac8 24. Rbc1 Qxb4 25. Nd5 Rxc1 26. Nxb4 Nf3+ 27. Kg2 Rcxd1 28. Bh6 g6 29. Qxf3 Bxb4 30. Bg5 R8d7 31. h4 R1d3 32. Qe2 h5 33. g4 hxg4 34. Qxg4 Be7 35. Bf6 Bxf6 36. exf6 R3d6 37. e5 Rd4 38. Qg5 Kh7 39. h5 Rc4 40. hxg6+ fxg6 41. Qg3 Rcc7 42. Qh3+ Kg8 43. Qxe6+ Kf8 44. Qh3 Rh7 45. Qa3+ Kf7 46. Qd6 1-0

[Event "GRE-ch U16"]
[Site "Rio Achaia"]
[Date "2018.07.05"]
[Round "4"]
[White "Kollias, Ioannis K"]
[Black "Loukopoulos, Panagiotis Athanasi"]
[Result "1-0"]
[WhiteElo "1546"]
[BlackElo "1942"]
[PlyCount "169"]
[EventDate "2018.07.03"]
[EventType "swiss"]
[EventRounds "9"]
[EventCountry "GRE"]
[SourceTitle "EXT 2019"]
[Source "ChessBase"]
[SourceDate "2018.10.10"]
[SourceVersion "1"]
[SourceVersionDate "2018.10.10"]
[SourceQuality "1"]

1. d4 Nf6 2. Bg5 Ne4 3. Bf4 d5 4. e3 c5 5. Bd3 Nf6 6. c3 Qb6 7. b3 Nc6 8. Nf3 cxd4 9. cxd4 Nb4 10. Ne5 Nxd3+ 11. Qxd3 g6 12. Nc3 Bf5 13. Qb5+ Qxb5 14. Nxb5 Rc8 15. Nxa7 Rc2 16. 0-0 Nh5 17. Rfc1 Rxc1+ 18. Rxc1 Nxf4 19. exf4 f6 20. Nf3 Bh6 21. g3 Kd7 22. Nb5 Rc8 23. Rxc8 Kxc8 24. Nc3 e6 25. Kf1 Bf8 26. Ke1 Kc7 27. Kd2 Kc6 28. Ne1 e5 29. fxe5 fxe5 30. Nf3 Bh6+ 31. Ke1 exd4 32. Nxd4+ Kc5 33. Nxf5 gxf5 34. f4 Kd4 35. Nb5+ Kc5 36. Nc3 Bf8 37. Kd2 Kd4 38. Nb1 Bb4+ 39. Ke2 Be7 40. a3 Bd6 41. Kd2 Be7 42. Nc3 Bf8 43. Nb5+ Ke4 44. Ke2 d4 45. b4 Be7 46. Nc7 h6 47. Nb5 Bf8 48. Na7 Be7 49. Nc8 Bf8 50. Nb6 Be7 51. Nc4 Kd5 52. Kd3 Bd8 53. Ne5 Bf6 54. Nf3 Bg7 55. h3 h5 56. h4 b5 57. Nd2 Bf6 58. Nb3 Bg7 59. Nc5 Bf8 60. Nd7 Bg7 61. a4 Kd6 62. Nc5 Kc6 63. axb5+ Kxb5 64. Ne6 Bf6 65. Nxd4+ Kxb4 66. Nxf5 Kc5 67. Ke4 Bc3 68. Kf3 Kd5 69. g4 hxg4+ 70. Kxg4 Ke6 71. h5 Kf6 72. Ng3 Bb2 73. Ne4+ Kg7 74. Kg5 Bc1 75. Nd6 Bd2 76. Nf5+ Kh7 77. Nd4 Kg7 78. h6+ Kh7 79. Ne6 Bc1 80. Kh5 Bd2 81. Ng5+ Kg8 82. Kg6 Bc3 83. h7+ Kf8 84. Ne6+ Ke7 85. Ng7 1-0

[Event "GRE-ch U16"]
[Site "Rio Achaia"]
[Date "2018.07.03"]
[Round "1"]
[White "Triantafilidis, Mihail"]
[Black "Kollias, Ioannis K"]
[Result "1-0"]
[WhiteElo "1909"]
[BlackElo "1546"]
[PlyCount "69"]
[EventDate "2018.07.03"]
[EventType "swiss"]
[EventRounds "9"]
[EventCountry "GRE"]
[SourceTitle "EXT 2019"]
[Source "ChessBase"]
[SourceDate "2018.10.10"]
[SourceVersion "1"]
[SourceVersionDate "2018.10.10"]
[SourceQuality "1"]

1. e4 e5 2. Nf3 Nc6 3. Bb5 a6 4. Ba4 Nf6 5. d3 b5 6. Bb3 Bc5 7. 0-0 0-0 8. c3 d6 9. Nbd2 h6 10. Re1 Re8 11. Nf1 d5 12. exd5 Nxd5 13. d4 Ba7 14. dxe5 Nb6 15. Qe2 Bg4 16. Bf4 Nd7 17. Rad1 Qc8 18. Qd2 Nb6 19. Bg3 Na5 20. Bc2 Nbc4 21. Qc1 Rb8 22. b3 Nb6 23. Qf4 c6 24. Ne3 Be6 25. Qe4 g6 26. Qf4 Kh7 27. Qh4 Kg7 28. Qf6+ Kh7 29. Qh4 Kg7 30. Bf4 Rh8 31. Qf6+ Kh7 32. h4 Nd7 33. Bxg6+ Kg8 34. Qe7 Bc5 35. Bxf7+ 1-0

[Event "GRE-ch Schools Lykeia 30th"]
[Site "Peristeri"]
[Date "2018.04.02"]
[Round "7"]
[White "Pavlidis, Pavlos"]
[Black "Kollias, Ioannis K"]
[Result "1-0"]
[WhiteElo "1920"]
[BlackElo "1566"]
[PlyCount "89"]
[EventDate "2018.04.01"]
[EventType "swiss (rapid)"]
[EventRounds "9"]
[EventCountry "GRE"]
[SourceTitle "EXT 2019"]
[Source "ChessBase"]
[SourceDate "2018.10.10"]
[SourceVersion "1"]
[SourceVersionDate "2018.10.10"]
[SourceQuality "1"]

1. e4 e5 2. Nf3 Nc6 3. Bb5 a6 4. Ba4 Nf6 5. d3 b5 6. Bb3 Bb7 7. 0-0 Bc5 8. c3 d6 9. h3 0-0 10. Re1 h6 11. Nbd2 Re8 12. Nf1 d5 13. exd5 Nxd5 14. Ng3 Nf6 15. Be3 Bxe3 16. Rxe3 Nd5 17. Bxd5 Qxd5 18. Qe2 Rad8 19. d4 f6 20. Nh4 Ne7 21. Qg4 Bc8 22. Ngf5 Nxf5 23. Nxf5 Bxf5 24. Qxf5 Qd7 25. Qxd7 Rxd7 26. a4 bxa4 27. Rxa4 Rb8 28. dxe5 fxe5 29. Rxe5 Rxb2 30. Rxa6 Rd1+ 31. Kh2 Rxf2 32. Re7 Kh7 33. Ra4 h5 34. Ra5 Kg6 35. Rxc7 Rdd2 36. Rc6+ Kf7 37. Rg5 Rc2 38. Rg3 Rf1 39. Rc7+ Kf6 40. Rcxg7 Rcc1 41. R3g6+ Kf5 42. Rc6 Rh1+ 43. Kg3 Rhd1 44. Rf7+ Kg5 45. h4# 1-0

[Event "GRE-ch Schools Lykeia 30th"]
[Site "Peristeri"]
[Date "2018.04.01"]
[Round "5"]
[White "Kollias, Ioannis K"]
[Black "Georgiadis, Nikolaos Xant"]
[Result "1-0"]
[WhiteElo "1566"]
[BlackElo "1852"]
[PlyCount "71"]
[EventDate "2018.04.01"]
[EventType "swiss (rapid)"]
[EventRounds "9"]
[EventCountry "GRE"]
[SourceTitle "EXT 2019"]
[Source "ChessBase"]
[SourceDate "2018.10.10"]
[SourceVersion "1"]
[SourceVersionDate "2018.10.10"]
[SourceQuality "1"]

1. d4 Nf6 2. Bg5 d5 3. Bxf6 exf6 4. g3 Bd6 5. e3 Bf5 6. Bg2 c6 7. Ne2 0-0 8. 0-0 Qd7 9. Nd2 Bh3 10. c4 Bxg2 11. Kxg2 Bb4 12. Nc3 Bxc3 13. bxc3 dxc4 14. e4 b5 15. Kg1 Na6 16. Qc2 Nc7 17. Rad1 Rfe8 18. f4 f5 19. e5 Nd5 20. Rf3 Qe6 21. Rb1 Qg6 22. Nf1 Qg4 23. Kg2 Re6 24. Ne3 Nxe3+ 25. Rxe3 Rg6 26. Rf3 a6 27. Rd1 Rd8 28. Qf2 Rh6 29. Kg1 Rd5 30. Re1 Re6 31. Rfe3 c5 32. dxc5 Rxc5 33. R3e2 Rd5 34. Qg2 Rd8 35. Rd2 Rxd2 36. Qa8+ 1-0

[Event "GRE-ch Schools Lykeia 30th"]
[Site "Peristeri"]
[Date "2018.04.01"]
[Round "3"]
[White "Vozinaki, Anthi Maria"]
[Black "Kollias, Ioannis K"]
[Result "1-0"]
[WhiteElo "1954"]
[BlackElo "1566"]
[PlyCount "49"]
[EventDate "2018.04.01"]
[EventType "swiss (rapid)"]
[EventRounds "9"]
[EventCountry "GRE"]
[SourceTitle "EXT 2019"]
[Source "ChessBase"]
[SourceDate "2018.10.10"]
[SourceVersion "1"]
[SourceVersionDate "2018.10.10"]
[SourceQuality "1"]

1. e4 e5 2. Nf3 Nc6 3. d4 exd4 4. Bc4 Nf6 5. e5 d5 6. Bb5 Ne4 7. Nxd4 Bd7 8. Bxc6 bxc6 9. 0-0 Bc5 10. f3 Ng5 11. f4 Ne4 12. Be3 Bb6 13. Nd2 Nxd2 14. Qxd2 0-0 15. c3 Qe7 16. Rae1 c5 17. Nf3 Bb5 18. Rf2 Rad8 19. f5 c4 20. Nd4 Bxd4 21. cxd4 Rb8 22. f6 Qd7 23. Rf3 Rfe8 24. Rg3 g6 25. Bf2 1-0

[Event "GRE-ch U16"]
[Site "Achaia"]
[Date "2017.06.27"]
[Round "2"]
[White "Kollias, Ioannis K"]
[Black "Petrakis, Stylianos"]
[Result "1-0"]
[WhiteElo "1599"]
[BlackElo "1977"]
[PlyCount "129"]
[EventDate "2017.06.26"]
[EventType "swiss"]
[EventRounds "9"]
[EventCountry "GRE"]
[SourceTitle "CBM 179 Extra"]
[Source "ChessBase"]
[SourceDate "2017.08.23"]
[SourceVersion "1"]
[SourceVersionDate "2017.08.23"]
[SourceQuality "1"]

1. d4 Nf6 2. Bg5 c5 3. d5 d6 4. Nc3 g6 5. Bxf6 exf6 6. e3 Bg7 7. Bd3 a6 8. a4 b6 9. Nge2 0-0 10. 0-0 Nd7 11. Ng3 f5 12. Qd2 Qh4 13. f4 Re8 14. Rf3 Nf6 15. Raf1 Ng4 16. h3 Nxe3 17. Re1 Bd4 18. Kh1 Bd7 19. Rfxe3 Rxe3 20. Rxe3 Bxe3 21. Qxe3 Re8 22. Qf2 Bc8 23. Kg1 Qe7 24. Nf1 Qb7 25. Nd2 Bd7 26. Qf1 Bc8 27. Nc4 Rd8 28. Qe1 Qc7 29. Qh4 Kg7 30. Qe1 Bb7 31. Qg3 Bc8 32. Ne3 Re8 33. Nc4 Bd7 34. Ne3 Bc8 35. b3 Kh8 36. Nc4 Qd8 37. Qg5 f6 38. Qh4 Kg7 39. Qf2 Bb7 40. Qh4 Re7 41. Qg3 Bc8 42. Qh4 Re8 43. g4 Qe7 44. gxf5 Bxf5 45. Bxf5 gxf5 46. Qf2 Rb8 47. Ne3 Kh8 48. Nxf5 Qd7 49. Ng3 Qxh3 50. Nce4 Rg8 51. Qf3 h6 52. Kf2 Qh2+ 53. Qg2 Qh4 54. Qh1 Qxf4+ 55. Qf3 Qh4 56. Ke3 Re8 57. Nf5 Qe1+ 58. Kd3 Re5 59. Ne3 f5 60. Nxd6 c4+ 61. bxc4 Rxe3+ 62. Qxe3 Qd1+ 63. Kc3 Qa1+ 64. Kd2 Qf6 65. Qc3 1-0

[Event "GRE-ch U16"]
[Site "Achaia"]
[Date "2017.06.26"]
[Round "1"]
[White "Alexakis, Georgios"]
[Black "Kollias, Ioannis K"]
[Result "1/2-1/2"]
[WhiteElo "2048"]
[BlackElo "1599"]
[PlyCount "126"]
[EventDate "2017.06.26"]
[EventType "swiss"]
[EventRounds "9"]
[EventCountry "GRE"]
[SourceTitle "CBM 179 Extra"]
[Source "ChessBase"]
[SourceDate "2017.08.23"]
[SourceVersion "1"]
[SourceVersionDate "2017.08.23"]
[SourceQuality "1"]

1. e4 e5 2. Nf3 Nc6 3. Bb5 a6 4. Ba4 Nf6 5. 0-0 b5 6. Bb3 Bb7 7. Re1 Bc5 8. c3 d6 9. d4 Bb6 10. Bc2 h6 11. h3 0-0 12. Be3 exd4 13. Bxd4 Nxd4 14. cxd4 Re8 15. Nbd2 Re7 16. d5 Qe8 17. Bd3 c6 18. dxc6 Bxc6 19. Rc1 Bb7 20. Bb1 Rd8 21. Qe2 Ba5 22. a3 d5 23. e5 Ne4 24. b4 Nxd2 25. Nxd2 Bb6 26. Kh1 Qd7 27. Qd3 g6 28. f4 d4 29. Rcd1 Qd5 30. Ne4 Qe6 31. Qg3 Bxe4 32. Bxe4 Rc8 33. Rd3 Kf8 34. Qh4 Kg7 35. Rf1 Rec7 36. Rg3 Rc1 37. Rgf3 Rxf1+ 38. Rxf1 Rc3 39. f5 Qxe5 40. fxg6 fxg6 41. Bxg6 Rc7 42. Bd3 Rf7 43. Re1 Qf4 44. Qxf4 Rxf4 45. Re7+ Rf7 46. Re8 Rf8 47. Re6 Rf6 48. Re7+ Rf7 49. Re8 Rf8 50. Rxf8 Kxf8 51. Kg1 Ke7 52. Kf2 Ke6 53. Kf3 Ke5 54. Be4 a5 55. Bc6 axb4 56. axb4 Bd8 57. Bxb5 Be7 58. Bd3 Bxb4 59. Kg4 Bd2 60. h4 Be3 61. Kh5 Bd2 62. g4 Be3 63. g5 Bxg5 1/2-1/2

[Event "GRE-chT U16 9th"]
[Site "Thessaloniki"]
[Date "2016.12.16"]
[Round "3.2"]
[White "Tzovanis, Anastasios Anagnost"]
[Black "Kollias, Ioannis K"]
[Result "0-1"]
[WhiteElo "1358"]
[BlackElo "1696"]
[PlyCount "62"]
[EventDate "2016.12.15"]
[EventType "team-swiss"]
[EventRounds "6"]
[EventCountry "GRE"]
[SourceTitle "CBM 176 Extra"]
[Source "ChessBase"]
[SourceDate "2017.03.02"]
[SourceVersion "1"]
[SourceVersionDate "2017.03.02"]
[SourceQuality "1"]
[WhiteTeam "Kalamarias Han"]
[BlackTeam "Patron"]
[WhiteTeamCountry "GRE"]
[BlackTeamCountry "GRE"]

1. Nf3 Nf6 2. g3 g6 3. Bg2 Bg7 4. d3 0-0 5. 0-0 d5 6. Nbd2 c6 7. c3 Qc7 8. Qc2 Bg4 9. e4 dxe4 10. dxe4 Nbd7 11. h3 Bxf3 12. Nxf3 Rad8 13. Be3 a6 14. a4 c5 15. b3 Nh5 16. Rac1 Ra8 17. b4 Rfc8 18. Qb3 a5 19. b5 c4 20. Qc2 Nc5 21. Bxc5 Qxc5 22. Kh2 Rd8 23. Rfd1 Rd3 24. Rxd3 cxd3 25. Qd2 Rd8 26. Ne1 Bh6 27. Qxh6 Qxf2 28. Nxd3 Qxg3+ 29. Kg1 Rxd3 30. h4 Nf4 31. Qg5 Nh3+ 0-1

[Event "GRE-chT U16 9th"]
[Site "Thessaloniki"]
[Date "2016.12.15"]
[Round "1.2"]
[White "Karamanis, Ioannis Marios"]
[Black "Kollias, Ioannis K"]
[Result "0-1"]
[WhiteElo "1520"]
[BlackElo "1696"]
[PlyCount "122"]
[EventDate "2016.12.15"]
[EventType "team-swiss"]
[EventRounds "6"]
[EventCountry "GRE"]
[SourceTitle "CBM 176 Extra"]
[Source "ChessBase"]
[SourceDate "2017.03.02"]
[SourceVersion "1"]
[SourceVersionDate "2017.03.02"]
[SourceQuality "1"]
[WhiteTeam "Triandrias"]
[BlackTeam "Patron"]
[WhiteTeamCountry "GRE"]
[BlackTeamCountry "GRE"]

1. e4 e5 2. Nf3 Nc6 3. Bb5 a6 4. Ba4 Nf6 5. d3 b5 6. Bb3 Bc5 7. 0-0 0-0 8. c3 d5 9. Nbd2 Bg4 10. exd5 Nxd5 11. Ne4 Bb6 12. h3 Bh5 13. Re1 Na5 14. Bc2 b4 15. c4 Nf4 16. Ng3 Bxf3 17. Qxf3 Ne6 18. Rxe5 Nd4 19. Qg4 Qf6 20. Bf4 Nxc2 21. Nh5 Qg6 22. Rg5 Nxa1 23. Rxg6 fxg6 24. Ng3 Bxf2+ 25. Kxf2 Rxf4+ 26. Qxf4 Rf8 27. Qxf8+ Kxf8 28. Ne4 Nb7 29. Ng5 Nc5 30. d4 Nd3+ 31. Ke2 Nxb2 32. Ne6+ Ke7 33. Nxc7 Nxc4 34. Nd5+ Kd6 35. Nxb4 a5 36. Kd3 Nb2+ 37. Kc3 Nd1+ 38. Kd2 axb4 39. Kxd1 b3 40. axb3 Nxb3 41. Ke2 Nxd4+ 42. Ke3 Ke5 43. Kf2 Ke4 44. Kg3 g5 45. Kf2 h5 46. Kg3 Nf5+ 47. Kf2 Kf4 48. g3+ Nxg3 49. Kg2 h4 50. Kh2 Kf3 51. Kg1 Ne2+ 52. Kh2 Nf4 53. Kh1 Nxh3 54. Kh2 g4 55. Kh1 Nf4 56. Kh2 g5 57. Kg1 h3 58. Kh1 g3 59. Kg1 g4 60. Kh1 g2+ 61. Kg1 Ne2+ 0-1

[Event "GRE-ch U14"]
[Site "Porto Rio"]
[Date "2016.06.28"]
[Round "1"]
[White "Kollias, Ioannis K"]
[Black "Serpetsidakis, Nikolaos"]
[Result "0-1"]
[WhiteElo "1489"]
[BlackElo "1983"]
[PlyCount "88"]
[EventDate "2016.06.28"]
[EventType "swiss"]
[EventRounds "9"]
[EventCountry "GRE"]
[SourceTitle "CBM 173 Extra"]
[Source "ChessBase"]
[SourceDate "2016.08.29"]
[SourceVersion "1"]
[SourceVersionDate "2016.08.29"]
[SourceQuality "1"]

1. d4 Nf6 2. Bg5 c5 3. d5 Qb6 4. Nc3 d6 5. e4 Nbd7 6. Rb1 g6 7. Be2 Bg7 8. f4 a6 9. Nf3 Ng4 10. Qd2 c4 11. Bh4 Qc7 12. h3 Ngf6 13. Qe3 Ng8 14. 0-0 Qc5 15. Bf2 Qxe3 16. Bxe3 b5 17. Bd4 Bxd4+ 18. Nxd4 Nb6 19. a3 Nf6 20. Bf3 Bb7 21. Rbd1 Kd7 22. Rfe1 Rhe8 23. Nc6 e6 24. Na5 Kc7 25. Nxb7 Kxb7 26. dxe6 fxe6 27. e5+ Nfd5 28. Nxd5 exd5 29. Bxd5+ Nxd5 30. Rxd5 dxe5 31. Rdxe5 Rxe5 32. fxe5 Kc6 33. Kf2 Kd5 34. Kg3 Ke6 35. Kf4 Rf8+ 36. Kg3 Rf5 37. h4 h5 38. Re3 Rxe5 39. Rxe5+ Kxe5 40. Kf3 Kf5 41. g4+ hxg4+ 42. Kg3 g5 43. h5 a5 44. c3 a4 0-1